00506njm a2200157 i 4500001001100000003000500011005001700016008004100033040002500074245002800099264007000127336002100197337002500218338002300243500008200266C2-0218395PPAK20180729152143.0990728s1993 my |||| ||||| | may d aPPAKbengcPPAKerda00aCeramah galakan membaca 1aAlor Setar, Kedah : bPerbadanan Perpustakaan Awam Kedah , c1993 2rdacontentatext 2rdamediaaunmediated 2rdacarrieravolume aDirakam pada 14/9/93 ; Temubual dengan Puan Rohani Rustam ; Tiada transkripsi